The Drunkest Place on Earth (Record no. 335106)
[ view plain ]
| 000 -LEADER | |
|---|---|
| fixed length control field | 00490nam a2200097Ia 4500 |
| 008 - FIXED-LENGTH DATA ELEMENTS--GENERAL INFORMATION | |
| fixed length control field | 170517s9999 xx 000 0 und d |
| 245 #4 - TITLE STATEMENT | |
| Title | The Drunkest Place on Earth |
| 300 ## - PHYSICAL DESCRIPTION | |
| Extent | Uganda is the alcoholism capital of Africa. One favorite type of booze the locals make is called waragi. Vice team is going to go make some, drink some, and hopefully not go blind. In 2004, the World Health Organization... |
| 650 ## - SUBJECT ADDED ENTRY--TOPICAL TERM | |
| General subdivision | Technology. |
| 856 ## - ELECTRONIC LOCATION AND ACCESS | |
| Uniform Resource Identifier | <a href="http://topdocumentaryfilms.com/drunkest-place-earth/">http://topdocumentaryfilms.com/drunkest-place-earth/</a> |
| Withdrawn status | Lost status | Damaged status | Home library | Current library | Date acquired | Total Checkouts | Date last seen | Price effective from | Koha item type |
|---|---|---|---|---|---|---|---|---|---|
| College Library | College Library | 05/17/2017 | 05/17/2017 | 05/17/2017 | Documentary Films |